Pokemon Nuzlocke Run and Bun Winners - Statistics

General Stats
  • This quiz has been taken 188 times
  • The average score is 14 of 62
Answer Stats
Pokemon # of wins % Correct
Urshifu 28 (17W, 11D)
89%
Primarina 18
71%
Latios 9
62%
Latias 1
56%
Enamorus 4
51%
Cresselia 1
50%
Dragapult 9
50%
Thundurus 7
50%
Landorus 2
44%
Ursaluna 4
44%
Beedrill 4
42%
Infernape 5
36%
Slowbro 8
35%
Hydreigon 5
34%
Absol 5
32%
Golisopod 7
32%
Sceptile 2
29%
Alakazam 1
26%
Torterra 1
26%
Empoleon 1
25%
Sneasler 4
25%
Jirachi 1
22%
Salamence 1
22%
Togedemaru 1
21%
Garchomp 2
19%
Excadrill 2
17%
Greninja 1
17%
Heracross 1
17%
Torkoal 1
17%
Clefable 1
16%
Goodra-H 2
16%
Incineroar 1
16%
Togekiss 2
16%
Weavile 6
16%
Arcanine-H 1
15%
Kommo-o 1
15%
Decidueye 1
12%
Venusaur 1
12%
Victini 1
12%
Delcatty 1
10%
Banette 1
9%
Gardevoir 2
9%
Perrserker 1
9%
Camerupt 1
8%
Grimmsnarl 2
8%
Lopunny 1
8%
Altaria 1
7%
Chesnaught 2
7%
Gorebyss 1
7%
Medicham 1
7%
Noivern 2
7%
Walrein 1
7%
Rhyperior 1
6%
Aerodactyl 1
5%
Exeggutor 1
5%
Hawlucha 1
5%
Lilligant-H 1
5%
Obstagoon 2
5%
Volcarona 1
5%
Mamoswine 1
4%
Conkeldurr 1
3%
Roserade 1
3%
No matching quizzes found
Score Distribution
Percent of People with Each Score
Percentile by Number Answered
Your Score History
You have not taken this quiz